000 01033nam a22002297a 4500
005 20240530110538.0
008 160201s2011 ua g 000 0 ara d
017 _a2011/16375
_bمصر . دار الكتب المصرية
040 _aEG-CaGPL
082 0 4 _221
_a947.56\
_bهـ ك
100 1 _aهوفهانيسيان ، نيقولاى .
245 1 2 _aالكتابات التاريخية العربية عن الابادة الارمنية /
_cتاليف نيقولاى هوفهانيسيان ؛ ترجمة سحر توفيق ؛ مراجعة محمد رفعت الامام ؛ متابعة بيرج ترزيان .
250 _aط1.
260 _aالقاهرة :
_bجمعية القاهرة الخيرية الارمنية العامة ،
_c2011 .
300 _a208 ص ؛
_c24 سم .
650 0 4 _aابادة الشعوب .
650 0 4 _aجرائم ضد الانسانية .
700 0 _aسحر توفيق
_eمترجم .
700 0 _aمحمد رفعت الامام
_eمراجع .
942 _2ddc
_cBK
999 _c62193
_d62193